Responses for Show #8582 - Tuesday, February 22, 2022

Contestants

[<< previous game]

Holly Ambler, a user experience researcher from Seattle Washington

Hieu Ton-That, a trauma surgeon from Chicago, Illinois

Henry Rozycki, a physician and professor from Richmond, Virginia (whose 1-day cash winnings total $20,101)

[next game >>]

Jeopardy! Round responses

FEB BE WARY
IN THE OLYMPIC CITY
MARK'S "-ISM"
ALSO A SCHOOL WORD
FREE STUFF
TWEETS
    $200 21
its shadow

Holly
    $200 12
Athens

Hieu
    $200 10
baptism

Triple Stumper
    $200 9
(Holly: What is family?)

class

Holly
Triple Stumper
    $200 17
Department of Transportation

Hieu
    $200 19
(Ken: They're funny over there now, I guess.)
[Laughter]

the CIA

Henry
    $400 16
(Hieu: What are price fixed?)
(Ken: No.)
(Hieu: [*]?)
[NOTE: The clue had a space after the two-hyphen dash.]

prix fixe

HenryHieu
    $400 11
Vancouver

Henry
    $400 13
Plagiarism

Holly
    $400 18
(Holly: What is... pile up?)

chalk up

HenryHolly
    $400 7
pretzels

Holly
    $400 28
Colbert

Hieu
    $600 2
locusts

Hieu
    $600 4
St. Louis

Henry
    $600 14
capitalism

Hieu
    $600 20
principal

Triple Stumper
    $600 8
bobbleheads

Henry
    $600 22
(Ken: That's right, Dionne can't stop thinking about this.)
[Laughter]

Chance the Rapper

Hieu
    $800 1
Cook

Hieu
    $1,000 5
Barcelona

Henry
    $800 15
activism

Henry
    $800 23
assembly

Hieu
    $800 25
a swag bag

Holly
    $800 29
Nicki Minaj

Holly
    $1000 3
(Hieu: Who are the Cherokee?)

the Apache

Hieu
Triple Stumper
    $1000 6
Helsinki

Holly
    $1000 27
heroism

Hieu
    $1000 24
(Hieu: What is a nook?)
(Henry: What's a study?)

a recess

HenryHieu
Triple Stumper
    $1000 26
(Holly: What is a Free Little Library?)

a (the) Little Free Library

HenryHolly
    $1000 30
(Jack) Dorsey

Henry

Scores at the first commercial break (after clue 15):

Henry Hieu Holly
$3,400 $1,200 $1,600

Scores at the end of the Jeopardy! Round:

Henry Hieu Holly
$5,400 $2,800 $2,000

Double Jeopardy! Round responses

THE 1600s
BOOKS & AUTHORS
ICONOGRAPHY
BEST SPOKEN WORD GRAMMY
____ OF ____
TWEETS
    $400 5
the College of William & Mary

Henry
    $400 1
cats

Triple Stumper
    $400 3
arrows

Henry
    $400 12
Michelle Obama

Hieu
    $400 17
(Hieu: Who is the maiden on honor? [Just before Ken says, "No."] [*].)
(Ken: Yes, you corrected it before I ruled against you.)

maid of honor

Hieu
    $800 6
(Cardinal) Richelieu

Henry
    $800 2
ice

Triple Stumper
    $2,000 29
[The end-of-round signal sounds.]

lotus

Hieu
    $800 15
Michael J. Fox

Hieu
    $800 18
the jaws of life

Henry
    $800 28
a warbler

Triple Stumper
    $1200 7
Cromwell

Henry
    $1200 9
Celeste Ng

Holly
    $1200 19
cornucopia

Hieu
    $1200 14
Magic Johnson

Hieu
    $1200 20
(Henry: What is trial by fire?)

act of faith

Henry
Triple Stumper
    $1200 23
a turtledove

Hieu
    $1600 4
(Holly: Who are the Mongols?)

the Manchu

Holly
Triple Stumper
    $1600 10
Márquez

Henry
    $1600 27
the Resurrection

Triple Stumper
    $3,000 13
Quincy Jones

Hieu
    $1600 21
Coming of Age

Henry
    $1600 25
(Hieu: What is a nightingale?)

a screech owl

Hieu
Triple Stumper
    $2000 8
the Mughal Empire

Henry
    $2000 11
Ta-Nehisi Coates

Hieu
    $2000 26
(Ken: Yes, with less than a minute to go.)

an ankh

Hieu
    $2000 16
Peter and the Wolf

Henry
    $2000 22
the rose of Sharon

Triple Stumper
    $2000 24
a whip-poor-will

Holly

Scores at the end of the Double Jeopardy! Round:

Henry Hieu Holly
$15,000 $15,400 $3,600

[wagering suggestions for these scores]

Final Jeopardy! Round responses

AMERICAN WOMEN
(Ken: [To Holly] I think I know who you were thinking of, but that's not correct, I'm afraid.)
...
(Ken: The correct response--[*], founder of the Girl Scouts, who I think Holly was thinking of...)
[Holly: [Moves arm across her chest] Yes!)
(Ken: But got her name a little scrambled.)
HollyWho is Julia Howe
$3,000
HenryWho is Margaret Sanger?
$7,800
HieuWho is [one letter crossed out] Baker?
$14,700
Juliette Gordon Low

Final scores:

Henry Hieu Holly
$7,200 $700 $600
2-day champion: $27,301 2nd place: $2,000 3rd place: $1,000

Game dynamics:

Coryat scores:

Henry Hieu Holly
$14,800 $12,800 $3,600
19 R
(including 1 DD),
2 W
19 R
(including 2 DDs),
4 W
8 R,
4 W

Combined Coryat: $31,200

[game clues] [game scores] [suggest correction]

Game tape date: 2021-12-14
The J! Archive is created by fans, for fans. Scraping, republication, monetization, and malicious use prohibited; this site may use cookies and collect identifying information. See terms. The Jeopardy! game show and all elements thereof, including but not limited to copyright and trademark thereto, are the property of Jeopardy Productions, Inc. and are protected under law. This website is not affiliated with, sponsored by, or operated by Jeopardy Productions, Inc. Join the discussion at JBoard.tv.